El Parcial
Guardado en:
| Format: | Bog |
|---|---|
| Sprog: | Spanish |
| Udgivet: |
Hamburgo, Alemania:
sin editor
|
| Fag: | |
| Tags: |
Tilføj Tag
Ingen Tags, Vær først til at tagge denne postø!
|
MARC
| LEADER | 00000nam a22000007a 4500 | ||
|---|---|---|---|
| 003 | cru CIDCACS/IIS | ||
| 005 | 20231122133713.0 | ||
| 008 | 200624n ge |||p|r||||||0| ||spa|d | ||
| 040 | |c cru CIDCACS/IIS | ||
| 090 | |a REV0746 | ||
| 245 | 3 | |a El Parcial | |
| 260 | |a Hamburgo, Alemania: |b sin editor | ||
| 270 | |a Doris Hermes, Kielortalles 4, 20144 Hamburgo | ||
| 500 | |a EXISTENCIAS:1981-1986 (3-20) 1987 (21-22) 1988-1989 (24-27) 1990 (28) 1992-1993 (30-33) 1995 (37) 2002 (50) | ||
| 650 | 0 | |9 82 |a LIBERALISMO | |
| 650 | 0 | |9 632 |a ASPECTOS SOCIALES | |
| 650 | 0 | |9 382 |a POLITICA INTERNACIONAL | |
| 650 | 0 | |9 306 |a ELECCIONES | |
| 650 | 4 | |9 4425 |a AJUSTE ESTRUCTURAL | |
| 650 | 4 | |9 1839 |a DEUDA EXTERNA | |
| 650 | 0 | |9 129 |a NEOLIBERALISMO | |
| 942 | |2 ddc |c PP | ||
| 999 | |c 43204 |d 43204 | ||
